| 000 | 00308nam a22001097a 4500 | ||
|---|---|---|---|
| 082 | _aP-771 | ||
| 100 |
_aMaj. Sohail Maqbool _951424 |
||
| 245 |
_aFeasibility and Design of Barakas Nullah for Mangla Dam Raising _bSyn # 12 |
||
| 260 |
_aRisalpur, _bMCE, _c2018. |
||
| 526 |
_a0 _b0 _c0 _dP_771 |
||
| 942 |
_2ddc _cBK |
||
| 999 |
_c554110 _d554110 |
||